Countries with the Most Russian Speakers - Statistics

General Stats
  • This quiz has been taken 176 times
    77 since last reset
  • The average score is 22 of 27
Answer Stats
Russian Speakers Country % Correct
6,672,964 Belarus
100%
118,581,514 Russia
100%
3,793,800 Kazakhstan
99%
14,273,670 Ukraine
99%
900,205 United States
96%
383,118 Estonia
94%
482,200 Kyrgyzstan
93%
190,733 Lithuania
93%
21,916 Poland
93%
720,300 Uzbekistan
93%
698,757 Latvia
90%
2,257,000 Germany
89%
40,598 Tajikistan
89%
305,802 Turkmenistan
89%
112,150 Canada
84%
23,484 Armenia
83%
45,920 Georgia
81%
122,449 Azerbaijan
80%
87,552 Finland
80%
264,162 Moldova
79%
23,487 Romania
77%
29,000 Sweden
71%
16,833 Norway
66%
31,622 Czechia
64%
54,874 Australia
59%
1,155,960 Israel
47%
20,984 Cyprus
26%
No matching quizzes found
Score Distribution
Percent of People with Each Score
Percentile by Number Answered
Your Score History
You have not taken this quiz since the last reset